La autonomía en la escuela

El principio de autonomía en la escuela se basa en la actividad espontánea de los alumnos, con el fin de llevarlos al reconocimiento del sentido de la ley y del orden, clave de toda vida social.

Guardat en:
Dades bibliogràfiques
Autor principal: Piaget, Jean
Altres autors: Heller, J.
Format: Llibre
Idioma:Spanish
Publicat: Buenos Aires: Editorial Losada, 1968
Edició:6 ed.
Col·lecció:Biblioteca pedagógica
Matèries:
Accés en línia:Enlace del recurso
Etiquetes: Afegir etiqueta
Sense etiquetes, Sigues el primer a etiquetar aquest registre!

MARC

LEADER 00000nam a2200000 a 4500
001 000703
008 030325s1968 ag # fr# #000|0#spa#d
041 0 |a spa 
043 |a s-ag--- 
082 0 4 |a 370.15  |b P313a 
100 1 |a Piaget, Jean 
245 1 3 |a La autonomía en la escuela   |c Jean Piaget, J. Heller 
250 |a 6 ed. 
260 |a Buenos Aires:  |b Editorial Losada,  |c 1968 
300 |a 198 p. 
440 0 |a Biblioteca pedagógica 
520 3 |a El principio de autonomía en la escuela se basa en la actividad espontánea de los alumnos, con el fin de llevarlos al reconocimiento del sentido de la ley y del orden, clave de toda vida social. 
534 |p Título original:  |t Self-govermment (in education) 
650 1 4 |a AUTONOMÍA EN LA EDUCACIÓN 
650 1 4 |a PSICOPEDAGOGÍA 
700 1 |a Heller, J. 
999 |c 2855  |d 2855 
856 |u https://catalogo.idep.edu.co/cgi-bin/koha/opac-detail.pl?biblionumber=2855  |z Enlace del recurso